书目信息 |
| 题名: |
平面设计就这么简单
|
|
| 作者: | ;Sun I视觉设计 编著 | |
| 分册: | ||
| 出版信息: | 北京 电子工业出版社 2017.09 |
|
| 页数: | 234页 | |
| 开本: | 23cm | |
| 丛书名: | ||
| 单 册: | ||
| 中图分类: | J511 | |
| 科图分类: | ||
| 主题词: | 平面设计 | |
| 电子资源: | ||
| ISBN: | 978-7-121-32480-2 | |
| 000 | 01030nam0 2200289 450 | |
| 001 | 0120172276291 | |
| 005 | 20180906145408.62 | |
| 010 | @a978-7-121-32480-2@dCNY79.00 | |
| 100 | @a20170913d2017 em y0chiy50 ea | |
| 101 | 0 | @achi |
| 102 | @aCN@b110000 | |
| 105 | @aa z 000yy | |
| 106 | @ar | |
| 200 | 1 | @a平面设计就这么简单@9ping mian she ji jiu zhe me jian dan@fSun I视觉设计编著 |
| 205 | @a2版 | |
| 210 | @a北京@c电子工业出版社@d2017.09 | |
| 215 | @a234页@c图@d23cm | |
| 300 | @a畅销书升级版 | |
| 312 | @a封面英文题名:Graphic design | |
| 330 | @a本书共分为7章,分别从平面设计的基础理论、与设计相关的创意与灵感、平面设计的四大构成要素等多个方面,深入剖析平面设计这门综合性的设计学科。 | |
| 333 | @a本书适合平面设计师、设计专业学生、设计专业教师,以及企业宣传部、设计公司人员等学习或作为参考用书 | |
| 510 | 1 | @aGraphic design@zeng |
| 606 | 0 | @a平面设计 |
| 690 | @aJ511@v5 | |
| 711 | 02 | @aSun I视觉设计@9Sun I shi jue she ji@4编著 |
| 801 | 0 | @aCN@b人天书店@c20170913 |
| 905 | @b1087238-42@dJ511@e467=2@f5 | |
| 平面设计就这么简单/Sun I视觉设计编著.-2版.-北京:电子工业出版社,2017.09 |
| 234页:图;23cm |
| 畅销书升级版.-使用对象:本书适合平面设计师、设计专业学生、设计专业教师,以及企业宣传部、设计公司人员等学习或作为参考用书 |
| ISBN 978-7-121-32480-2:CNY79.00 |
| 本书共分为7章,分别从平面设计的基础理论、与设计相关的创意与灵感、平面设计的四大构成要素等多个方面,深入剖析平面设计这门综合性的设计学科。 |
| ● |
| 相关链接 |
|
|
|
|
正题名:平面设计就这么简单
索取号:J511/467=2
 
预约/预借
| 序号 | 登录号 | 条形码 | 馆藏地/架位号 | 状态 | 备注 |
| 1 | 1087238 | 210872386 | 第一样本阅览室/ [索取号:J511/467=2] | 在馆 | |
| 2 | 1087239 | 210872395 | 教育系资料室/ [索取号:J511/467=2] | 在馆 | |
| 3 | 1087240 | 210872402 | 教育系资料室/ [索取号:J511/467=2] | 在馆 | |
| 4 | 1087241 | 210872411 | 密集书库-美术系/ [索取号:J511/467=2] | 在馆 | |
| 5 | 1087242 | 210872420 | 第一借阅区/ [索取号:J511/467=2] | 在馆 |